000 00557 a2200217 4500
001 112664
020 _a9781407111803
041 _apor
090 _aYear 5 [Fic]
100 _aGoldsmith, Mike.
250 _a. ed.
300 _a192 p.
490 _aHorrible famous
697 _aEinstein, Albert - Biography, 1879-1955.
830 _aHorrible famous
856 _u000021/000021f9.jpg
040 _aBR-BrIDEA
_cBR-BrIDEA
245 1 0 _aEinstein and his inflatable universe
_c Mike Goldsmith
260 _a[S.l.]
_bScholastic
_c2001
942 _cBK
999 _c112664
_d112664